Troubled minds : (Record no. 21732)
[ view plain ]
| 000 -LEADER | |
|---|---|
| fixed length control field | 01195cam a2200289 i 4500 |
| 001 - CONTROL NUMBER | |
| control field | 17590327 |
| 005 - DATE AND TIME OF LATEST TRANSACTION | |
| control field | 20260630150751.0 |
| 008 - FIXED-LENGTH DATA ELEMENTS--GENERAL INFORMATION | |
| fixed length control field | 130114t20132013ilu b 000 0deng |
| 010 ## - LIBRARY OF CONGRESS CONTROL NUMBER | |
| LC control number | 2013001569 |
| 020 ## - INTERNATIONAL STANDARD BOOK NUMBER | |
| International Standard Book Number | 9780830843046 |
| 035 ## - SYSTEM CONTROL NUMBER | |
| System control number | 17590327 |
| 040 ## - CATALOGING SOURCE | |
| Original cataloging agency | DLC |
| Language of cataloging | eng |
| Transcribing agency | DLC |
| Description conventions | rda |
| Modifying agency | DLC |
| 042 ## - AUTHENTICATION CODE | |
| Authentication code | pcc |
| 050 00 - LIBRARY OF CONGRESS CALL NUMBER | |
| Classification number | BV4461 |
| Item number | .S56 2013 |
| 082 00 - DEWEY DECIMAL CLASSIFICATION NUMBER | |
| Classification number | 261.8/322 |
| Edition number | 23 |
| 100 1# - MAIN ENTRY--PERSONAL NAME | |
| Personal name | Simpson, Amy. |
| 245 10 - TITLE STATEMENT | |
| Title | Troubled minds : |
| Remainder of title | mental illness and the church's mission / |
| Statement of responsibility, etc. | Amy Simpson. |
| 300 ## - PHYSICAL DESCRIPTION | |
| Extent | 221 pages ; |
| Dimensions | 21 cm |
| 504 ## - BIBLIOGRAPHY, ETC. NOTE | |
| Bibliography, etc | Includes bibliographical references (pages 211-221). |
| 505 0# - FORMATTED CONTENTS NOTE | |
| Formatted contents note | A family story -- Mental illness is mainstream -- Suffering people -- Coping -- Church life -- Ministry life -- Persistent stigma -- What churches can do -- What God does -- Resources for ministry to people affected by mental illness. |
| 650 #0 - SUBJECT ADDED ENTRY--TOPICAL TERM | |
| Topical term or geographic name as entry element | Church work with the mentally ill. |
| 650 #0 - SUBJECT ADDED ENTRY--TOPICAL TERM | |
| Topical term or geographic name as entry element | Mental illness |
| General subdivision | Religious aspects |
| -- | Christianity. |
| 583 ## - ACTION NOTE | |
| Action | Cataloguing: |
| Time/date of action | 20260630 |
| Action agent | mketermketer |
| 906 ## - LOCAL DATA ELEMENT F, LDF (RLIN) | |
| a | 7 |
| b | cbc |
| c | orignew |
| d | 1 |
| e | ecip |
| f | 20 |
| g | y-gencatlg |
| 942 ## - ADDED ENTRY ELEMENTS (KOHA) | |
| Source of classification or shelving scheme | Library of Congress Classification |
| Koha item type | General Collection |
| Withdrawn status | Lost status | Source of classification or shelving scheme | Not for loan | Home library | Current library | Shelving location | Date acquired | Source of acquisition | Inventory number | Total Checkouts | Full call number | Barcode | Date last seen | Copy number | Price effective from | Koha item type |
|---|---|---|---|---|---|---|---|---|---|---|---|---|---|---|---|---|
| Library of Congress Classification | Kabarak, Main Campus | Kabarak, Main Campus | General Stacks | 30/06/2026 | Donation | 2026/4123 | BV4461 .S56 2013 C.1 | 37805 | 30/06/2026 | C.1 | 30/06/2026 | General Collection |